000 01692cam a22001934a 4500
005 20250605164118.0
008 250528s ||||||||||||||||||||||||d
035 _a18181
020 _a672272784
040 _aGR-AtMCL
_bgre
_dGR-AtMCL
_eAACR2
245 1 _aΕισαγωγή στη Γλώσσα C / Μετάφραση της Πρώτης Αμερικανικής Έκδοσης 1988
260 _bΓκιούρδας Μόσχος,
_c1989
300 _a364
520 _aΜία πλήρη παρουσίαση της γλώσσας C και βήμα-προς-βήμα διδασκαλία, με έμφαση στην χρήση με τους μεταγλωττιστές. Πρόλογος, Εισαγωγή στην C, Συμβολισμός Δεδομένων, Αριθμητικές Πράξεις και Εκφράσεις, Βασικές Συναρτήσεις Εισόδου και Εξόδου (Input/ Output), Έλεγχος Προγράμματος: Οι Δομές If και Switch, Έλεγχος Προγράμματος: Επαναληπτικές Δομές, Εισαγωγή στους Δείκτες, Χρήση Συναρτήσεων και Μακροεντολών (Macros), Αποθήκευση Μεταβλητών και Μοντέλα Μνήμης, Πίνακες, Δομές Δεδομένων, Χρήση Αρχείων και Άλλων Μέσων Εισόδου και Εξόδου, Χρήση Γραφικών, Χρήση των Λειτουργιών BIOS, Εισαγωγή στην Δομημένη Ανάπτυξη, Πηγές, Λεξιλόγιο, Ευρετήριο.
700 1 _aTownsend Carl
_94469
942 _cBK
999 _c3560
_d3560